| 000 | 00939nam a22002777a 4500 | ||
|---|---|---|---|
| 005 | 20251108173435.0 | ||
| 008 | 250721s2006 xx 000 0 ara d | ||
| 020 | _a9957190156 | ||
| 082 | 1 | 4 | _a320.956/متط |
| 100 | 1 |
_aأحمد، أحمد يوسف _eمؤلف |
|
| 245 | 1 | 0 | _aمتطلبات الإصلاح في العالم العربي / |
| 264 | 1 |
_aبيروت : _bالمؤسسة العربية للدراسات و النشر، _c2006. |
|
| 300 | _a266 ص. | ||
| 650 | 1 | 7 | _aالإصلاح السياسي |
| 650 | 1 | 7 | _aالإصلاح الإقتصادي |
| 650 | 1 | 7 | _aالديموقراطية |
| 650 | 1 | 7 | _aالتغير الإجتماعي |
| 650 | 1 | 7 | _aالإسلام |
| 650 | 1 | 7 | _aالبلدان العربية |
| 700 | 1 | _aالعناني، جواد | |
| 700 | 1 | _aحجازي، عبد العزيز | |
| 700 | 1 | _aعبيدات، أحمد | |
| 700 | 1 |
_aكنعان، طاهر _eEd. |
|
| 942 |
_2ddc _cBK |
||
| 999 |
_c103950 _d103950 |
||